000 00951nam a22002657a 4500
001 BR2900028
003 BR-BrBNA
005 20230928082839.0
007 ta
008 230509b bl.||||| |||| 00| 0 por d
040 _aBR-BrBNA
_bpor
_cBiblioteca Nacional de Agricultura
041 _a(Por)
072 _aF00; L00; E10
_b/G514
090 _ F00 BR2900028
110 1 _aMinisterio da Agricultura, Industria e Commercio, Rio de Janeiro, GB (Brasil). Servico de Inspeccao e Fomento Agricolas
_96886
245 1 _aEstudo dos factores da producao nos municipios brasileiros e condicoes economicas de cada um. Estado do Parana - Municipio de Clevelandia
260 3 _aRio de Janeiro, GB (Brasil):
_c1929.
300 _a48 p.
500 _a(*) Documento disponível no(a) Museu Paranaense, Curitiba (Brazil)
650 _aANALISE ECONOMICA
650 _aCLEVELANDIA
650 _aPARANA
909 _a202309
_bLucia
_c55
_dLucia Elande
942 _cBK
999 _c10243
_d10243